000 00991 a2200265 4500
001 123694
020 _a9788536803883
040 _cEscola Canadense de Niteroi
090 _aSHA
100 _aShakespeare, William
245 1 0 _aO mercador de Veneza
250 _a1. ed.
260 _aSão Paulo
300 _a119 p.
_bil.
_c5 x 22,5 cm (brochura)
362 0 _a2008
520 _aConsiderada uma das obras-primas de William Shakespeare, duas personagens tomam a cena nesta trama polêmica. o agiota Shylock empresta dinheiro ao mercador Antonio, que acaba por dar como garantia de pagamento um pedaço de sua própria carne. ao final, destaca-se um apêndice que apresenta o contexto de época em que transcorre a narrativa.
650 4 _aDiscriminação
650 4 _aPreconceito
650 4 _aPeça de Teatro
650 4 _aDesigualdade Social
650 4 _aLiteratura Clássica
650 4 _aLiteratura para Jovem Adulto
650 4 _aClasses Sociais
942 _cBK
999 _c123694
_d123694